VPLYV ZVYŠOVANIA RÝCHLOSTI VLAKOV NA NÁRAST HLADINY HLUKU

Podrobná bibliografia
Hlavný autor: Dostál, Karol, 1941- (Autor)
Médium: Článok
Jazyk:slovenčina
ISBN:8071002976

MARC

LEADER 00000naa a2200000uu 4500
001 vtls011084111
003 SK-MaSNL
005 20260302141139.0
008 210905|1995 xo |||||||||||||||||slo|
015 |a SNBRA 
035 |a (urnnbn)urn:nbn:sk:snk:ar-a0ckym 
035 |a (uuid)58f86d82-795c-4044-ad68-00e7b5e69c3c 
035 |a urn:nbn:sk:snk-aavqvk 
040 |a SNKBUCL  |b slo  |c SNKBUCL  |e AACR2 
041 0 |a slo 
044 |a xo  |c SK 
100 1 |a Dostál, Karol,  |d 1941-  |4 aut  |9 39476 
245 1 0 |a VPLYV ZVYŠOVANIA RÝCHLOSTI VLAKOV NA NÁRAST HLADINY HLUKU  |c Karol Dostál 
773 0 |t Vysokorýchlostné trate  |d Žilina : Vysoká škola dopravy a spojov, 1995  |g S. 57-61  |z 8071002976 
958 |a OND 
958 |a article12 
958 |a chapter 
999 |c 1334600  |d 1336530